| 000 | 00360nam a2200133 i 4500 | ||
|---|---|---|---|
| 001 | 43412 | ||
| 003 | ES-MaACL | ||
| 007 | t| | ||
| 008 | 030317s1900 sp ||||1| spa d | ||
| 245 | 0 | 0 | _aCatálogo de la Biblioteca del Depósito de la Guerra. |
| 260 |
_aMadrid : _bDepósito de la Guerra, _c1900. |
||
| 300 |
_aVIII p. ; _c23 cm. |
||
| 852 |
_aES-MaACL _jB-4425 |
||
| 999 |
_c43412 _d43412 |
||